000 00298nam a2200097 4500
999 _c511594
_d511594
082 _aA45:B3 IIPA/MADH/2013
100 _aBhartiye Lok Prashasan Sansthan.Madhya Pradesh Avam Chattisgarh Chetriye Shakha
_910652
245 _aPrashasak prashasika, 2013
260 _aBhopal
_bThe author
300 _a180p.